[Event "ENG-ch Schools"]
[Site "Nottingham"]
[Date "2025.06.26"]
[Round "6.5"]
[White "Bates, Hubert"]
[Black "Chen, Ching Lun"]
[Result "1-0"]
[WhiteElo "1875"]
[BlackElo "1670"]
[PlyCount "109"]
[EventDate "2025.06.25"]
[EventType "team-swiss"]
[EventRounds "6"]
[EventCountry "ENG"]
[SourceTitle "CB27_2025"]
[SourceDate "2025.07.02"]
[SourceVersion "1"]
[SourceVersionDate "2025.07.02"]
[SourceQuality "1"]
[WhiteTeam "Queen Elizabeth"]
[BlackTeam "Dulwich College"]
[WhiteTeamCountry "ENG"]
[BlackTeamCountry "ENG"]

1. e4 d6 2. Nc3 Nf6 3. f4 e5 4. Nf3 g6 5. fxe5 dxe5 6. Bc4 Bg4 7. Bxf7+ Ke7 8. Bb3 Qd6 9. 0-0 Nbd7 10. d3 Qb6+ 11. Kh1 Re8 12. Bg5 c6 13. h3 Bxf3 14. Qxf3 Bg7 15. Qg4 Kd6 16. Qg3 Kc7 17. Be3 c5 18. Bg5 Kc8 19. a4 Nh5 20. Qe1 Rhf8 21. Kh2 Rxf1 22. Qxf1 Rf8 23. Qe2 c4 24. a5 Qd4 25. Be3 Qd6 26. Bxc4 Qf6 27. Nd5 Qh4 28. Qg4 Qxg4 29. hxg4 Nhf6 30. Kg3 Kb8 31. Nxf6 Nxf6 32. Bc5 Re8 33. Rf1 h6 34. c3 a6 35. Bb6 Kc8 36. Rf3 Kd7 37. Bf7 Rf8 38. Bxg6 Bh8 39. Bf5+ Kc6 40. Be6 Kd6 41. Bd5 Re8 42. Bxb7 Re7 43. Bxa6 h5 44. gxh5 Nxh5+ 45. Kf2 Nf4 46. Bc4 Rg7 47. g3 Nh3+ 48. Ke2 Kc6 49. Rf6+ Kb7 50. Rf7+ Rxf7 51. Bxf7 Bf6 52. Bd5+ Ka6 53. b4 Ng5 54. c4 Nxe4 55. b5# 1-0

[Event "ENG-ch Schools"]
[Site "Nottingham"]
[Date "2025.06.26"]
[Round "5.5"]
[White "Saggi, Vedaant"]
[Black "Bates, Hubert"]
[Result "0-1"]
[WhiteElo "1556"]
[BlackElo "1875"]
[PlyCount "102"]
[EventDate "2025.06.25"]
[EventType "team-swiss"]
[EventRounds "6"]
[EventCountry "ENG"]
[SourceTitle "CB27_2025"]
[SourceDate "2025.07.02"]
[SourceVersion "1"]
[SourceVersionDate "2025.07.02"]
[SourceQuality "1"]
[WhiteTeam "St Paul's"]
[BlackTeam "Queen Elizabeth"]
[WhiteTeamCountry "ENG"]
[BlackTeamCountry "ENG"]

1. d4 Nf6 2. Nf3 d5 3. Bf4 c5 4. e3 Nc6 5. c3 Qb6 6. Qb3 c4 7. Qxb6 axb6 8. Na3 Bf5 9. Nh4 Bg6 10. Nxg6 hxg6 11. Nb5 Kd7 12. Na3 e6 13. Nc2 b5 14. a3 Bd6 15. Bxd6 Kxd6 16. Be2 e5 17. dxe5+ Nxe5 18. Nd4 Kc5 19. 0-0 Ne4 20. Rfd1 Rhd8 21. f3 Nf6 22. Rd2 Re8 23. Kf2 g5 24. h3 g6 25. Re1 g4 26. hxg4 Nexg4+ 27. Kg3 Nxe3 28. Nc2 Nxc2 29. Rxc2 Re3 30. Rd1 Rae8 31. Kf2 g5 32. Rd4 R3e5 33. Rcd2 g4 34. Bd1 gxf3 35. Bxf3 Rf5 36. Re2 Rxe2+ 37. Kxe2 Nh7 38. Rg4 Ng5 39. Rd4 Ne6 40. Rd2 Nf4+ 41. Kf2 Nd3+ 42. Kg3 Rg5+ 43. Kh4 Re5 44. Be2 Re3 45. Bxd3 cxd3 46. b3 d4 47. cxd4+ Kxd4 48. Kg4 Kc3 49. Rd1 Kc2 50. Rf1 d2 51. Rf2 Rd3 0-1

[Event "BCF-ch Major"]
[Site "Hull"]
[Date "2024.08.03"]
[Round "8"]
[White "Jacobs, Simon1"]
[Black "Bates, Hubert"]
[Result "1/2-1/2"]
[WhiteElo "1683"]
[BlackElo "1750"]
[PlyCount "56"]
[EventDate "2024.07.27"]
[EventType "swiss"]
[EventRounds "9"]
[EventCountry "ENG"]
[SourceTitle "CBM 221 Extra"]
[Source "ChessBase"]
[SourceDate "2024.09.30"]
[SourceVersion "1"]
[SourceVersionDate "2024.09.30"]
[SourceQuality "1"]

1. e4 c5 2. Be2 Nc6 3. d3 d6 4. f4 Nf6 5. Nf3 g6 6. 0-0 Bg7 7. Qe1 Bg4 8. Kh1 0-0 9. Qh4 Bxf3 10. Bxf3 Nd4 11. Bd1 b5 12. c3 Nc6 13. Nd2 b4 14. Nf3 Nd7 15. f5 bxc3 16. bxc3 Re8 17. Ng5 Nf8 18. fxg6 hxg6 19. Nxf7 Qa5 20. Bb3 e6 21. Nxd6 Re7 22. Bg5 Rd7 23. Nc4 Qxc3 24. Rac1 Qb4 25. Bf6 Rf7 26. Bxg7 Rxg7 27. Rf6 Nd4 28. Rcf1 Nh7 1/2-1/2

[Event "BCF-ch Major"]
[Site "Hull"]
[Date "2024.08.02"]
[Round "7"]
[White "Bates, Hubert"]
[Black "Mize, Dylan"]
[Result "0-1"]
[WhiteElo "1750"]
[BlackElo "1824"]
[PlyCount "76"]
[EventDate "2024.07.27"]
[EventType "swiss"]
[EventRounds "9"]
[EventCountry "ENG"]
[SourceTitle "CBM 221 Extra"]
[Source "ChessBase"]
[SourceDate "2024.09.30"]
[SourceVersion "1"]
[SourceVersionDate "2024.09.30"]
[SourceQuality "1"]

1. e4 c6 2. d4 d5 3. e5 Bf5 4. h4 h5 5. Bd3 Bxd3 6. Qxd3 e6 7. Nf3 Qa5+ 8. Bd2 Qa6 9. Qe2 c5 10. Nc3 Qxe2+ 11. Kxe2 Nc6 12. Be3 cxd4 13. Bxd4 Nh6 14. Nb5 Rc8 15. c3 a6 16. Na3 Nxd4+ 17. cxd4 Bxa3 18. bxa3 Rc2+ 19. Ke1 Nf5 20. Rb1 0-0 21. Rf1 b5 22. a4 bxa4 23. Rb4 Rxa2 24. Nd2 Rc8 25. Ke2 Rcc2 26. Rd1 Nxh4 27. g3 Nf5 28. Kd3 Rcb2 29. Rxb2 Rxb2 30. Ra1 Rb4 31. Nf3 Rb3+ 32. Ke2 Rb2+ 33. Ke1 Rb4 34. Rd1 a3 35. Ra1 Rb3 36. Ke2 Rb2+ 37. Kf1 a2 38. Kg2 g5 0-1

[Event "BCF-ch U12"]
[Site "Hull"]
[Date "2024.08.01"]
[Round "5"]
[White "Bates, Hubert"]
[Black "Rughani, Mahin"]
[Result "0-1"]
[WhiteElo "1750"]
[BlackElo "1857"]
[PlyCount "134"]
[EventDate "2024.07.28"]
[EventType "swiss"]
[EventRounds "7"]
[EventCountry "ENG"]
[SourceTitle "EXT 2025"]
[Source "ChessBase"]
[SourceDate "2024.10.14"]
[SourceVersion "1"]
[SourceVersionDate "2024.10.14"]
[SourceQuality "1"]

1. e4 c6 2. d4 d5 3. e5 Bf5 4. Nf3 e6 5. Be2 Nd7 6. 0-0 a5 7. a4 h6 8. Nc3 Ne7 9. h4 Bg4 10. Nh2 Bxe2 11. Nxe2 c5 12. c3 Nc6 13. Nf3 Be7 14. h5 Rc8 15. Be3 Bg5 16. Qd2 Bxe3 17. Qxe3 0-0 18. Rfb1 Qc7 19. Rc1 Qb8 20. Ne1 c4 21. Rcb1 b5 22. b4 axb4 23. cxb4 bxa4 24. Rxa4 Na7 25. b5 Rc7 26. Nc3 Rb7 27. Rab4 Nb6 28. Nc2 Qc7 29. f4 Rfb8 30. Qc1 Qe7 31. Qe1 Qd7 32. Qc1 Na8 33. Qb2 Qe7 34. g3 g6 35. hxg6 fxg6 36. Kf2 g5 37. Rg1 Kh7 38. Kf3 Qf7 39. Qb1 Qf5 40. Ne3 Qxb1 41. Rgxb1 Nc6 42. R4b2 Nxd4+ 43. Kf2 Nc7 44. b6 Na8 45. Na4 Nb3 46. Rxb3 cxb3 47. Rxb3 gxf4 48. gxf4 Nxb6 49. Nc5 Re7 50. Nxe6 Rxe6 51. Nxd5 Nxd5 52. Rxb8 Nxf4 53. Kg3 Ng6 54. Rb7+ Re7 55. Rb6 Rxe5 56. Kh3 h5 57. Kg3 Re3+ 58. Kg2 Kh6 59. Kh2 h4 60. Rb5 Re5 61. Rb4 Kg5 62. Rc4 Re2+ 63. Kh1 Nf4 64. Rc1 Kg4 65. Rg1+ Kh3 66. Rg2 Nxg2 67. Kg1 Ne3 0-1

[Event "BCF-ch Major"]
[Site "Hull"]
[Date "2024.08.01"]
[Round "6"]
[White "Rastogi, Nayan Keats"]
[Black "Bates, Hubert"]
[Result "1-0"]
[WhiteElo "1859"]
[BlackElo "1750"]
[PlyCount "67"]
[EventDate "2024.07.27"]
[EventType "swiss"]
[EventRounds "9"]
[EventCountry "ENG"]
[SourceTitle "CBM 221 Extra"]
[Source "ChessBase"]
[SourceDate "2024.09.30"]
[SourceVersion "1"]
[SourceVersionDate "2024.09.30"]
[SourceQuality "1"]

1. e4 c5 2. c3 Nf6 3. e5 Nd5 4. d4 d6 5. Nf3 cxd4 6. cxd4 Nc6 7. Bc4 dxe5 8. dxe5 e6 9. 0-0 Be7 10. Qe2 Nb6 11. Bb3 0-0 12. Nc3 Nd5 13. Qe4 Nxc3 14. bxc3 Qc7 15. Bc2 g6 16. Bh6 Re8 17. Rfe1 f5 18. exf6 Bxf6 19. Qc4 Qa5 20. Re3 Bd7 21. Rd1 Qc7 22. Nd4 Be5 23. Nb5 Qd8 24. f4 Bb8 25. Bxg6 hxg6 26. Qd3 Ne7 27. Qxd7 Qxd7 28. Rxd7 Nf5 29. Rh3 Nxh6 30. Rxh6 Bxf4 31. Rxg6+ Kh8 32. Rd3 Kh7 33. Rg4 Bh6 34. Rd7+ 1-0

[Event "BCF-ch Major"]
[Site "Hull"]
[Date "2024.07.31"]
[Round "5"]
[White "Bates, Hubert"]
[Black "Sheikh, Anum"]
[Result "0-1"]
[WhiteElo "1750"]
[BlackElo "1862"]
[PlyCount "100"]
[EventDate "2024.07.27"]
[EventType "swiss"]
[EventRounds "9"]
[EventCountry "ENG"]
[SourceTitle "CBM 221 Extra"]
[Source "ChessBase"]
[SourceDate "2024.09.30"]
[SourceVersion "1"]
[SourceVersionDate "2024.09.30"]
[SourceQuality "1"]

1. e4 c5 2. Nf3 e6 3. d4 cxd4 4. Nxd4 Bc5 5. Be3 Qb6 6. Nc3 Nc6 7. Na4 Qa5+ 8. Nc3 Bb4 9. Ndb5 Nf6 10. a3 Bxc3+ 11. bxc3 0-0 12. Bc5 Rd8 13. Bb4 Qb6 14. Bd3 Nxb4 15. axb4 Nxe4 16. 0-0 d5 17. Qh5 Nf6 18. Qg5 Bd7 19. Nd4 Rac8 20. Qe5 a6 21. Kh1 Qc7 22. Qe3 Re8 23. f4 e5 24. fxe5 Qxe5 25. Qd2 Ng4 26. g3 Nf6 27. Rae1 Qd6 28. Nf5 Bxf5 29. Bxf5 Rxe1 30. Rxe1 Rd8 31. Qd4 Qc7 32. Bd3 h6 33. Rf1 Qe7 34. Qh4 Rc8 35. Rxf6 Qxf6 36. Qg4 Rd8 37. Kg2 Qxc3 38. Qf5 g6 39. Qf4 Kg7 40. Qh4 Qf6 41. Qg4 h5 42. Qe2 Rc8 43. Qe3 Rc6 44. b5 axb5 45. Qe2 b4 46. h3 Re6 47. Qd2 Qd4 48. g4 hxg4 49. hxg4 Qxg4+ 50. Kf2 Rf6+ 0-1

[Event "BCF-ch U12"]
[Site "Hull"]
[Date "2024.07.29"]
[Round "2"]
[White "Singh, Avyanna"]
[Black "Bates, Hubert"]
[Result "1/2-1/2"]
[WhiteElo "1615"]
[BlackElo "1750"]
[PlyCount "89"]
[EventDate "2024.07.28"]
[EventType "swiss"]
[EventRounds "7"]
[EventCountry "ENG"]
[SourceTitle "EXT 2025"]
[Source "ChessBase"]
[SourceDate "2024.10.14"]
[SourceVersion "1"]
[SourceVersionDate "2024.10.14"]
[SourceQuality "1"]

1. e4 c5 2. Nf3 d6 3. d4 cxd4 4. Qxd4 Nc6 5. Bb5 Qa5+ 6. Nc3 a6 7. Bxc6+ bxc6 8. 0-0 Bg4 9. Qd3 Nf6 10. h3 Bh5 11. Bd2 Qc7 12. Rfe1 Nd7 13. Rab1 Bxf3 14. Qxf3 g6 15. b4 Bg7 16. a4 Ne5 17. Qe2 0-0 18. b5 cxb5 19. axb5 axb5 20. Nd5 Qd8 21. Rxb5 e6 22. Ne3 Qc7 23. Rd1 f5 24. Bb4 Rfd8 25. f4 Nf7 26. exf5 gxf5 27. Nc4 e5 28. Ba5 Qa7+ 29. Kh1 Rd7 30. Nb6 Qb7 31. Nxd7 Qxd7 32. Rbd5 Re8 33. Qb5 Qe6 34. fxe5 dxe5 35. Qb6 Qc8 36. Qb3 Qe6 37. c4 e4 38. Qb6 Qc8 39. Rc5 Qa8 40. Rxf5 e3 41. Re1 Qe4 42. Rf3 Bd4 43. Rg3+ Kh8 44. Qb1 Qe5 45. Rf3 1/2-1/2

[Event "BCF-ch Major"]
[Site "Hull"]
[Date "2024.07.29"]
[Round "3"]
[White "Storey, Cameron"]
[Black "Bates, Hubert"]
[Result "0-1"]
[WhiteElo "1860"]
[BlackElo "1750"]
[PlyCount "50"]
[EventDate "2024.07.27"]
[EventType "swiss"]
[EventRounds "9"]
[EventCountry "ENG"]
[SourceTitle "CBM 221 Extra"]
[Source "ChessBase"]
[SourceDate "2024.09.30"]
[SourceVersion "1"]
[SourceVersionDate "2024.09.30"]
[SourceQuality "1"]

1. e4 c5 2. a3 d6 3. Nc3 Nf6 4. Bc4 a6 5. d3 b5 6. Ba2 Nc6 7. f4 Bg4 8. Nge2 b4 9. Nd5 Nd4 10. Nxf6+ exf6 11. c3 Nxe2 12. Bd2 bxc3 13. bxc3 Ng3 14. Qxg4 Nxh1 15. Qh5 g6 16. Qd5 Ra7 17. f5 Qa8 18. Rb1 Qxd5 19. Bxd5 Bg7 20. Kf1 0-0 21. Kg1 gxf5 22. exf5 Re7 23. Be4 Rfe8 24. Kxh1 d5 25. Bf3 Bh6 0-1

[Event "BCF-ch Major"]
[Site "Hull"]
[Date "2024.07.28"]
[Round "2"]
[White "Bates, Hubert"]
[Black "Zhang, Junyi"]
[Result "0-1"]
[WhiteElo "1750"]
[BlackElo "1957"]
[PlyCount "118"]
[EventDate "2024.07.27"]
[EventType "swiss"]
[EventRounds "9"]
[EventCountry "ENG"]
[SourceTitle "CBM 221 Extra"]
[Source "ChessBase"]
[SourceDate "2024.09.30"]
[SourceVersion "1"]
[SourceVersionDate "2024.09.30"]
[SourceQuality "1"]

1. e4 c5 2. Nf3 e6 3. d4 cxd4 4. Nxd4 Nf6 5. Nc3 Nc6 6. Ndb5 Bc5 7. Nd6+ Ke7 8. Bf4 e5 9. Nf5+ Kf8 10. Bg5 d6 11. Bc4 Be6 12. Bd5 h6 13. Bh4 g5 14. Bg3 Bxf5 15. exf5 Kg7 16. Ne4 Nxe4 17. Bxe4 Qf6 18. Qh5 Ne7 19. 0-0-0 Rab8 20. h4 b5 21. hxg5 Qxg5+ 22. Kb1 Qxh5 23. Rxh5 Ng8 24. Rh4 Nf6 25. Bd3 a6 26. a3 Rbc8 27. Rdh1 Rb8 28. a4 bxa4 29. Rxa4 Bd4 30. Ra2 Nd5 31. Kc1 Nb4 32. Ra3 Bxb2+ 33. Kxb2 Nxd3+ 34. Kc3 Nc5 35. Re1 Rhc8 36. Kd2 Rb4 37. f3 Rd4+ 38. Ke3 Kf6 39. Rh1 Kg7 40. f4 f6 41. fxe5 dxe5 42. Rh4 Rxh4 43. Bxh4 Rc6 44. Rc3 Rc7 45. Bf2 Ne6 46. Rxc7+ Nxc7 47. Ke4 Kf7 48. g4 Ne8 49. Be3 h5 50. gxh5 Nd6+ 51. Kd5 Nxf5 52. Bd2 Ne7+ 53. Kd6 e4 54. c4 e3 55. Be1 f5 56. h6 f4 57. h7 Ng6 58. Bh4 f3 59. h8N+ Nxh8 0-1